[Event "Rio de Janeiro op"]
[Site "Rio de Janeiro"]
[Date "2022.04.23"]
[Round "4"]
[White "Barberi, Catarina"]
[Black "Felix, Luiza de Oliveira"]
[Result "0-1"]
[WhiteElo "1336"]
[BlackElo "1699"]
[PlyCount "74"]
[EventDate "2022.04.21"]
[EventType "swiss"]
[EventRounds "6"]
[EventCountry "BRA"]
[SourceTitle "EXT 2023"]
[Source "ChessBase"]
[SourceDate "2022.10.05"]
[SourceVersion "1"]
[SourceVersionDate "2022.10.05"]
[SourceQuality "1"]

1. d4 Nf6 2. Nf3 g6 3. c4 Bg7 4. Nc3 0-0 5. e4 d6 6. Be2 e5 7. d5 a5 8. 0-0 Na6 9. Ne1 Nc5 10. f3 Nfd7 11. Nd3 f5 12. Be3 Nxd3 13. Bxd3 f4 14. Bf2 g5 15. Be2 Rf7 16. a3 Bf8 17. b4 Rg7 18. Rc1 h5 19. Qe1 axb4 20. axb4 g4 21. Kh1 g3 22. hxg3 fxg3 23. Bxg3 Qg5 24. f4 exf4 25. Rxf4 Qxg3 26. Qxg3 Rxg3 27. Bxh5 Bh6 28. Rff1 Bxc1 29. Rxc1 Nf6 30. Bf3 Bd7 31. Kh2 Rg6 32. Rc2 Kg7 33. Re2 Bg4 34. Bxg4 Nxg4+ 35. Kg1 Ra1+ 36. Nb1 Rxb1+ 37. Re1 Rxe1# 0-1

[Event "Florianopolis op 8th"]
[Site "Florianopolis"]
[Date "2022.01.24"]
[Round "1"]
[White "Labussiere, Victor"]
[Black "Felix, Luiza de Oliveira"]
[Result "1-0"]
[WhiteElo "2341"]
[BlackElo "1708"]
[PlyCount "25"]
[EventDate "2022.01.24"]
[EventType "swiss"]
[EventRounds "10"]
[EventCountry "BRA"]
[SourceTitle "CBM 206 Extra"]
[Source "ChessBase"]
[SourceDate "2022.03.31"]
[SourceVersion "1"]
[SourceVersionDate "2022.03.31"]
[SourceQuality "1"]

1. e4 c5 2. Nc3 Nc6 3. Bb5 g6 4. Bxc6 dxc6 5. f4 Bg7 6. Nf3 e5 7. Nxe5 Bxe5 8. fxe5 Qd4 9. d3 h5 10. Bg5 Bg4 11. Qd2 b5 12. Rb1 Rd8 13. Be3 1-0

[Event "Rio Branco Regional Norte"]
[Site "Rio Branco"]
[Date "2021.11.28"]
[Round "6"]
[White "Felix, Luiza de Oliveira"]
[Black "De Oliveira, Gualter Amelio"]
[Result "1/2-1/2"]
[WhiteElo "1651"]
[BlackElo "1507"]
[PlyCount "59"]
[EventDate "2021.11.25"]
[EventType "swiss"]
[EventRounds "6"]
[EventCountry "BRA"]
[SourceTitle "CBM 205 Extra"]
[Source "ChessBase"]
[SourceDate "2022.01.31"]
[SourceVersion "1"]
[SourceVersionDate "2022.01.31"]
[SourceQuality "1"]

1. c4 f5 2. Nf3 b6 3. g3 Bb7 4. Bg2 Nf6 5. 0-0 e6 6. Nc3 Bb4 7. Rb1 Bxc3 8. bxc3 0-0 9. c5 d5 10. cxd6 cxd6 11. Nd4 Bxg2 12. Kxg2 Qd7 13. Qb3 d5 14. Qb5 Qxb5 15. Rxb5 Re8 16. f3 Na6 17. Ba3 Rac8 18. Bd6 g6 19. Rb2 Rcd8 20. Nb5 Rd7 21. Be5 Nh5 22. g4 Ng7 23. a4 Rc8 24. a5 Ne8 25. Ra1 Nb8 26. axb6 axb6 27. Na7 Rxa7 28. Rxa7 Nc6 29. Rb7 Nxe5 30. R2xb6 1/2-1/2

[Event "Rio Branco Regional Norte"]
[Site "Rio Branco"]
[Date "2021.11.27"]
[Round "5"]
[White "Carneiro, Marcos Venicios F"]
[Black "Felix, Luiza de Oliveira"]
[Result "1-0"]
[WhiteElo "1975"]
[BlackElo "1651"]
[PlyCount "31"]
[EventDate "2021.11.25"]
[EventType "swiss"]
[EventRounds "6"]
[EventCountry "BRA"]
[SourceTitle "CBM 205 Extra"]
[Source "ChessBase"]
[SourceDate "2022.01.31"]
[SourceVersion "1"]
[SourceVersionDate "2022.01.31"]
[SourceQuality "1"]

1. d4 Nf6 2. Bg5 g6 3. Nf3 Bg7 4. Nbd2 d6 5. c3 0-0 6. e4 e5 7. Be2 Qe8 8. Qc2 Nc6 9. d5 Ne7 10. h4 h6 11. Bxf6 Bxf6 12. Nf1 Bg7 13. Ne3 f5 14. exf5 Nxf5 15. 0-0-0 Nxe3 16. fxe3 1-0

[Event "BRA-ch (Women) 60th"]
[Site "Cuiaba"]
[Date "2021.10.31"]
[Round "5"]
[White "Felix, Luiza de Oliveira"]
[Black "Bail, Ellen Larissa"]
[Result "0-1"]
[WhiteElo "1599"]
[BlackElo "1833"]
[PlyCount "60"]
[EventDate "2021.10.28"]
[EventType "swiss"]
[EventRounds "11"]
[EventCountry "BRA"]
[SourceTitle "CBM 205 Extra"]
[Source "ChessBase"]
[SourceDate "2022.01.31"]
[SourceVersion "1"]
[SourceVersionDate "2022.01.31"]
[SourceQuality "1"]

1. e4 e6 2. d3 d5 3. Nd2 Nf6 4. Ngf3 c5 5. g3 Nc6 6. Bg2 Be7 7. 0-0 0-0 8. Re1 Qc7 9. Nf1 b5 10. Bf4 Qb6 11. e5 Nd7 12. h4 Bb7 13. N1h2 Rfc8 14. h5 h6 15. Qd2 Bf8 16. Ng4 Kh7 17. c3 a5 18. Nh4 Ne7 19. Bxh6 gxh6 20. Qf4 Kg8 21. Nxh6+ Bxh6 22. Qxh6 Qd8 23. Ng6 fxg6 24. hxg6 Nf8 25. Bh3 Nexg6 26. Bxe6+ Nxe6 27. Qxg6+ Ng7 28. e6 Qe8 29. Qf6 Ra6 30. Re5 Rxe6 0-1

[Event "Goiania Barbosa Nunes Cup 1st"]
[Site "Goiania"]
[Date "2021.10.16"]
[Round "5"]
[White "Da Cruz, Emerson"]
[Black "Felix, Luiza de Oliveira"]
[Result "0-1"]
[WhiteElo "1623"]
[BlackElo "1599"]
[PlyCount "64"]
[EventDate "2021.10.15"]
[EventType "swiss"]
[EventRounds "6"]
[EventCountry "BRA"]
[SourceTitle "EXT 2023"]
[Source "ChessBase"]
[SourceDate "2022.10.05"]
[SourceVersion "1"]
[SourceVersionDate "2022.10.05"]
[SourceQuality "1"]

1. c4 c5 2. g3 g6 3. Bg2 Bg7 4. Nc3 Nc6 5. Nf3 e6 6. e4 Nge7 7. Ng1 Nd4 8. Nge2 Nec6 9. 0-0 0-0 10. Nb5 Nxb5 11. cxb5 Nd4 12. d3 Nxb5 13. Be3 Bxb2 14. Rb1 Nc3 15. Nxc3 Bxc3 16. Bxc5 d6 17. Be3 b6 18. Qc2 Ba5 19. e5 d5 20. d4 Ba6 21. Bh6 Bxf1 22. Bxf1 Re8 23. Bb5 Re7 24. Ba6 Rc7 25. Qe2 Rc3 26. h4 Qc7 27. h5 Rc2 28. Qf3 Bd2 29. Bxd2 Rxd2 30. h6 Qe7 31. a4 Qg5 32. Rb3 Rxd4 0-1

[Event "BRA-ch U18 Girls"]
[Site "Florianopolis"]
[Date "2021.07.02"]
[Round "3"]
[White "De Freitas, Isabella Ribeiro Co"]
[Black "Felix, Luiza de Oliveira"]
[Result "1-0"]
[WhiteElo "1893"]
[BlackElo "1618"]
[PlyCount "47"]
[EventDate "2021.07.01"]
[EventType "swiss"]
[EventRounds "6"]
[EventCountry "BRA"]
[SourceTitle "CBM 203 Extra"]
[Source "ChessBase"]
[SourceDate "2021.09.30"]
[SourceVersion "1"]
[SourceVersionDate "2021.09.30"]
[SourceQuality "1"]

1. c4 e5 2. Nc3 Nf6 3. Nf3 Nc6 4. g3 d5 5. cxd5 Nxd5 6. Bg2 Nb6 7. 0-0 Be7 8. d3 0-0 9. Be3 Re8 10. Rc1 Bf8 11. a3 a5 12. Na4 Nxa4 13. Qxa4 Bd7 14. Qb3 Nd4 15. Nxd4 exd4 16. Bxd4 Rxe2 17. Qxb7 Rb8 18. Qxc7 Bf5 19. Qf4 Bxd3 20. Rfd1 g5 21. Qf3 Qxd4 22. Qxe2 Rxb2 23. Rxd3 Rxe2 24. Rxd4 1-0

[Event "Goiania op"]
[Site "Goiania"]
[Date "2021.02.27"]
[Round "3"]
[White "De Souza, Tiago da Arcela Sei"]
[Black "Felix, Luiza de Oliveira"]
[Result "0-1"]
[WhiteElo "1847"]
[BlackElo "1571"]
[PlyCount "88"]
[EventDate "2021.02.26"]
[EventType "swiss"]
[EventRounds "6"]
[EventCountry "BRA"]
[SourceTitle "EXT 2022"]
[Source "ChessBase"]
[SourceDate "2021.10.06"]
[SourceVersion "1"]
[SourceVersionDate "2021.10.06"]
[SourceQuality "1"]

1. d4 Nf6 2. Nf3 e6 3. c4 b6 4. g3 Ba6 5. Bg2 Bxc4 6. Nc3 c6 7. Ne5 Ba6 8. 0-0 Be7 9. Re1 0-0 10. e4 d5 11. Bg5 h6 12. Bxf6 Bxf6 13. Ng4 Be7 14. exd5 cxd5 15. Ne5 Bf6 16. Ng4 Nc6 17. Qa4 Bb7 18. Ne5 Nxe5 19. dxe5 Be7 20. Rad1 a6 21. Qg4 Qc7 22. Rc1 Qd8 23. Ne2 b5 24. Nf4 Bg5 25. h4 Bxf4 26. Qxf4 Qe7 27. Rc3 Rac8 28. Rec1 Rc4 29. Rxc4 dxc4 30. Bxb7 Qxb7 31. Rd1 Rc8 32. Qd4 b4 33. Rc1 Qc7 34. b3 c3 35. Qxb4 Qxe5 36. Qb7 Rd8 37. Qxa6 c2 38. Rxc2 Rd1+ 39. Kh2 Qe4 40. Qc8+ Kh7 41. f3 Qe1 42. Kh3 Qf1+ 43. Kg4 Rd4+ 44. f4 f5+ 0-1

[Event "Florianopolis op 6th"]
[Site "Florianopolis"]
[Date "2020.01.23"]
[Round "5"]
[White "Felix, Luiza de Oliveira"]
[Black "Kanzler, Karina Daniela"]
[Result "0-1"]
[WhiteElo "1570"]
[BlackElo "1867"]
[PlyCount "100"]
[EventDate "2020.01.20"]
[EventType "swiss"]
[EventRounds "10"]
[EventCountry "BRA"]
[SourceTitle "CBM 194 Extra"]
[Source "ChessBase"]
[SourceDate "2020.03.31"]
[SourceVersion "1"]
[SourceVersionDate "2020.03.31"]
[SourceQuality "1"]

1. c4 Nf6 2. Nc3 e6 3. Nf3 d5 4. e3 c6 5. b3 Bd6 6. Bb2 0-0 7. Be2 Nbd7 8. d3 e5 9. cxd5 cxd5 10. 0-0 a6 11. a4 b6 12. Qd2 Nc5 13. Qc2 Bf5 14. Nh4 Be6 15. d4 exd4 16. exd4 Nce4 17. Nf3 Bc7 18. Bd3 Nxc3 19. Bxc3 Qd6 20. Ne5 h6 21. Qd2 a5 22. Bb2 Qd8 23. Rfc1 Bxe5 24. dxe5 Nd7 25. Ba3 Re8 26. f4 Nf8 27. Bd6 Qh4 28. Qf2 Qxf2+ 29. Kxf2 d4 30. Bc4 Rac8 31. Bb5 Bd7 32. Bc7 Bxb5 33. axb5 Nd7 34. Bd6 Rc3 35. Rxc3 dxc3 36. Rc1 Rc8 37. Ke3 c2 38. Kd2 Nc5 39. Rxc2 Nxb3+ 40. Kd1 Rxc2 41. Kxc2 Nd4+ 42. Kc3 Nxb5+ 43. Kc4 Nxd6+ 44. exd6 Kf8 45. Kb5 Ke8 46. Kxb6 Kd7 47. Kxa5 Kxd6 48. Kb6 g5 49. fxg5 hxg5 50. h3 f5 0-1

[Event "Florianopolis op 6th"]
[Site "Florianopolis"]
[Date "2020.01.21"]
[Round "3"]
[White "Felix, Luiza de Oliveira"]
[Black "Da Silveira, Robson Gustavo M"]
[Result "0-1"]
[WhiteElo "1570"]
[BlackElo "1793"]
[PlyCount "77"]
[EventDate "2020.01.20"]
[EventType "swiss"]
[EventRounds "10"]
[EventCountry "BRA"]
[SourceTitle "CBM 194 Extra"]
[Source "ChessBase"]
[SourceDate "2020.03.31"]
[SourceVersion "1"]
[SourceVersionDate "2020.03.31"]
[SourceQuality "1"]

1. c4 Nf6 2. Nc3 e6 3. g3 d5 4. b3 d4 5. Nb5 c6 6. Na3 Bd6 7. Nf3 e5 8. Bg2 0-0 9. c5 Bxc5 10. Nxe5 Qe7 11. Nac4 Bb4 12. 0-0 Nd5 13. e4 dxe3 14. fxe3 Be6 15. d4 Bd6 16. Nxd6 Qxd6 17. Nc4 Qc7 18. e4 Nb6 19. Bf4 Qd8 20. Nd6 Qd7 21. d5 cxd5 22. exd5 Bg4 23. Qd2 f6 24. Rac1 g5 25. Bxg5 Qxd6 26. Bxf6 Rxf6 27. Rxf6 Qxf6 28. Rf1 Qg7 29. a4 a5 30. d6 N8d7 31. Bxb7 Rf8 32. Rxf8+ Kxf8 33. b4 Qf6 34. bxa5 Ne5 35. d7 Bxd7 36. Qb4+ Qe7 37. Qxe7+ Kxe7 38. a6 Bc6 39. Kf2 0-1

[Event "Varandas Igarata op 1st"]
[Site "Sao Paulo"]
[Date "2019.12.28"]
[Round "3"]
[White "De Carvalho, Amauri"]
[Black "Felix, Luiza de Oliveira"]
[Result "0-1"]
[WhiteElo "1138"]
[BlackElo "1613"]
[PlyCount "101"]
[EventDate "2019.12.27"]
[EventType "swiss"]
[EventRounds "5"]
[EventCountry "BRA"]
[SourceTitle "EXT 2021"]
[Source "ChessBase"]
[SourceDate "2020.10.23"]
[SourceVersion "1"]
[SourceVersionDate "2020.10.23"]
[SourceQuality "1"]

1. d4 Nf6 2. c4 e6 3. a3 b6 4. Nf3 Be7 5. Bf4 Bb7 6. e3 d6 7. Nc3 0-0 8. Be2 Nh5 9. Bg3 Nxg3 10. hxg3 c5 11. d5 exd5 12. Nxd5 Nd7 13. Qc2 h6 14. Rd1 Nf6 15. 0-0 Nxd5 16. cxd5 Qd7 17. e4 Bf6 18. Bd3 b5 19. b3 a5 20. Rfe1 Rfe8 21. a4 Ba6 22. Nh4 c4 23. bxc4 bxc4 24. Bf1 Reb8 25. Rb1 Rb4 26. f4 Qg4 27. Kh2 Bxh4 28. gxh4 Qxh4+ 29. Kg1 Qxf4 30. Qc3 Rxb1 31. Rxb1 Qxe4 32. Rd1 Bb7 33. Rd4 Qe5 34. Bxc4 Re8 35. Qd3 Qe3+ 36. Qxe3 Rxe3 37. Bb5 Rc3 38. Bc4 f5 39. Kh2 Kf7 40. g4 Kf6 41. Rf4 Bc8 42. gxf5 Bxf5 43. Bb5 Ke5 44. Rf1 g5 45. Bc6 h5 46. Re1+ Be4 47. Be8 Rc2+ 48. Kg1 Rg2+ 49. Kf1 Rh2 50. Re2 Rxe2 51. Kxe2 0-1

[Event "BRA-ch sf1"]
[Site "Brasilia"]
[Date "2019.06.08"]
[Round "2"]
[White "Felix, Luiza de Oliveira"]
[Black "Freitas, Ronan Cunha"]
[Result "0-1"]
[WhiteElo "1896"]
[BlackElo "1832"]
[PlyCount "64"]
[EventDate "2019.06.07"]
[EventType "swiss"]
[EventRounds "5"]
[EventCountry "BRA"]
[SourceTitle "CBM 190 Extra"]
[Source "ChessBase"]
[SourceDate "2019.07.15"]
[SourceVersion "1"]
[SourceVersionDate "2019.07.15"]
[SourceQuality "1"]

1. c4 c5 2. g3 Nf6 3. Bg2 d5 4. cxd5 Nxd5 5. Nc3 Nc7 6. Nf3 Nc6 7. d3 e5 8. 0-0 Be7 9. Rb1 0-0 10. a3 a5 11. Be3 Be6 12. Na4 Nd4 13. Nxd4 cxd4 14. Bd2 b5 15. Bxa8 Nxa8 16. b4 bxa4 17. bxa5 Bb3 18. Rxb3 axb3 19. Qxb3 Nc7 20. Qb6 Nd5 21. Qb3 Nc7 22. Qb6 Ne6 23. a4 Qa8 24. Rb1 Nc5 25. Qc7 Qd8 26. Qxe5 Nxa4 27. Bb4 Bxb4 28. Rxb4 Nc3 29. Kf1 Qa8 30. f3 Re8 31. Qxd4 Nxe2 32. Qf2 Qxa5 0-1

[Event "Catalao op 1st"]
[Site "Catalao"]
[Date "2019.02.09"]
[Round "2"]
[White "Felix, Luiza de Oliveira"]
[Black "Ribeiro, Fabiano Pinto"]
[Result "1-0"]
[WhiteElo "1601"]
[BlackElo "1872"]
[PlyCount "89"]
[EventDate "2019.02.09"]
[EventType "swiss"]
[EventRounds "5"]
[EventCountry "BRA"]
[SourceTitle "CBM 189 Extra"]
[Source "ChessBase"]
[SourceDate "2019.06.03"]
[SourceVersion "1"]
[SourceVersionDate "2019.06.03"]
[SourceQuality "1"]

1. c4 Nf6 2. Nc3 e6 3. Nf3 d5 4. e3 c5 5. b3 Nc6 6. Qc2 g6 7. a3 Bg7 8. Bb2 0-0 9. d3 b6 10. Be2 Bb7 11. 0-0 Rc8 12. Na2 d4 13. exd4 Nxd4 14. Nxd4 cxd4 15. f4 Nd5 16. Qd2 Ne3 17. Rf2 Qd6 18. Bf3 Bxf3 19. Rxf3 a5 20. Re1 Rfe8 21. b4 Qc6 22. bxa5 bxa5 23. Qxa5 Qb7 24. Qd2 Qb3 25. Nb4 h5 26. Rf2 Ng4 27. Rfe2 Qa4 28. Bc1 Qa7 29. Qa2 Qc5 30. Bd2 Ra8 31. h3 Ne3 32. Bxe3 dxe3 33. Qb3 Reb8 34. Kh2 Bd4 35. Ra2 h4 36. Qd1 Qd6 37. Qf3 Rc8 38. Nc2 e5 39. Nxe3 Bc3 40. Rc1 Qxd3 41. Rd1 Bd2 42. Rdxd2 Qc3 43. fxe5 Rxa3 44. Rxa3 Qxa3 45. Rd7 1-0

[Event "Florianopolis op 5th"]
[Site "Florianopolis"]
[Date "2019.01.26"]
[Round "9"]
[White "Felix, Luiza de Oliveira"]
[Black "Silva, Fernando So Barros"]
[Result "1-0"]
[WhiteElo "1630"]
[BlackElo "1867"]
[PlyCount "91"]
[EventDate "2019.01.21"]
[EventType "swiss"]
[EventRounds "10"]
[EventCountry "BRA"]
[SourceTitle "CBM 188 Extra"]
[Source "ChessBase"]
[SourceDate "2019.02.26"]
[SourceVersion "1"]
[SourceVersionDate "2019.02.26"]
[SourceQuality "1"]

1. c4 Nf6 2. Nc3 c5 3. g3 d5 4. cxd5 Nxd5 5. Bg2 Nxc3 6. bxc3 Qc7 7. c4 Nc6 8. Bb2 e5 9. d3 Be7 10. e3 0-0 11. Ne2 Bg4 12. a3 Rad8 13. Qc2 Bxe2 14. Qxe2 Qa5+ 15. Qd2 Rxd3 16. Qxa5 Nxa5 17. Bf1 Rd6 18. Bxe5 Re6 19. Bc3 Bf6 20. Bxf6 Rxf6 21. Rb1 b6 22. Bd3 Rd6 23. Ke2 Re8 24. Rhd1 Rf6 25. f4 Rfe6 26. e4 f6 27. Kd2 Nc6 28. Kc3 Nd4 29. Re1 Kf8 30. g4 g6 31. Rh1 Rd6 32. h4 Kg7 33. Rh3 Red8 34. Rf1 h6 35. Re3 Nc6 36. Rg3 g5 37. hxg5 hxg5 38. fxg5 fxg5 39. Rf5 Rg6 40. Rd5 Rdd6 41. e5 Rxd5 42. cxd5 Nxe5 43. Bxg6 Kxg6 44. d6 Kf6 45. Rd3 Nd7 46. Kc4 1-0

[Event "Florianopolis op 5th"]
[Site "Florianopolis"]
[Date "2019.01.22"]
[Round "3"]
[White "Felix, Luiza de Oliveira"]
[Black "Peixoto, Rudson Marinho"]
[Result "0-1"]
[WhiteElo "1630"]
[BlackElo "1931"]
[PlyCount "116"]
[EventDate "2019.01.21"]
[EventType "swiss"]
[EventRounds "10"]
[EventCountry "BRA"]
[SourceTitle "CBM 188 Extra"]
[Source "ChessBase"]
[SourceDate "2019.02.26"]
[SourceVersion "1"]
[SourceVersionDate "2019.02.26"]
[SourceQuality "1"]

1. Nf3 Nf6 2. c4 b6 3. Nc3 Bb7 4. g3 e6 5. Bg2 Be7 6. 0-0 0-0 7. d4 d5 8. b3 Nbd7 9. Qc2 c5 10. dxc5 bxc5 11. cxd5 exd5 12. e3 Rc8 13. Bb2 Nb6 14. Ne5 Bd6 15. Nb5 Bb8 16. Bh3 Qe7 17. Bxc8 Rxc8 18. Qf5 a6 19. Na3 Re8 20. Ng4 Ne4 21. h4 Bc8 22. Qh5 Qe6 23. f3 Nxg3 24. Qg5 d4 25. exd4 h6 26. d5 hxg5 27. dxe6 Nxf1 28. exf7+ Kxf7 29. Kxf1 Bxg4 30. fxg4 gxh4 31. Kf2 g5 32. Rf1 Re4 33. Kg2+ Bf4 34. Bc1 Nd5 35. Kf3 Re6 36. Rd1 Bxc1 37. Rxc1 Re3+ 38. Kf2 Rc3 39. Rd1 Ke6 40. Re1+ Kf6 41. Re8 Rg3 42. Rh8 Rxg4 43. Rh6+ Ke5 44. Nc4+ Kd4 45. Rxa6 Rf4+ 46. Kg2 Ne3+ 47. Nxe3 Kxe3 48. a4 c4 49. bxc4 Rxc4 50. Rg6 Kf4 51. a5 g4 52. Rf6+ Kg5 53. Rb6 Rc2+ 54. Kg1 h3 55. Rb5+ Kh4 56. a6 Ra2 57. Rb6 g3 58. Rb4+ Kg5 0-1

[Event "Rio Branco Acre op 3rd"]
[Site "Rio Branco"]
[Date "2018.09.08"]
[Round "4"]
[White "Felix, Luiza de Oliveira"]
[Black "Teramoto, Wilson"]
[Result "1-0"]
[WhiteElo "1588"]
[BlackElo "2005"]
[PlyCount "45"]
[EventDate "2018.09.06"]
[EventType "swiss"]
[EventRounds "7"]
[EventCountry "BRA"]
[SourceTitle "CBM 187 Extra"]
[Source "ChessBase"]
[SourceDate "2018.11.04"]
[SourceVersion "1"]
[SourceVersionDate "2018.11.04"]
[SourceQuality "1"]

1. e4 e6 2. d3 d5 3. Nd2 Nf6 4. g3 Bc5 5. Bg2 c6 6. Ngf3 Nbd7 7. 0-0 dxe4 8. dxe4 0-0 9. e5 Nd5 10. Ne4 Be7 11. c4 N5b6 12. Qe2 Qc7 13. Nfg5 g6 14. c5 Nd5 15. f4 Nxc5 16. Nxc5 Qb6 17. Nge4 f5 18. exf6 Nxf6 19. Nxf6+ Rxf6 20. Be3 Rf5 21. Rac1 e5 22. fxe5 Rxe5 23. Qf2 1-0